000 00261nam a2200109Ia 4500
008 190216s9999||||xx |||||||||||||| ||und||
100 _aArun Bhattacharjee
245 0 _aWorld Revolutions
260 _bBritish Publishing House
650 _aHistory
942 _cBK
999 _c20115
_d20115